Subdivision capitals closest to Leskovac (RS) - Statistics

General Stats
  • This quiz has been taken 13 times
  • The average score is 13 of 20
Answer Stats
Distance (km) Answer % Correct
6 74 Priština/Prishtina
100%
16 119 Skopje
100%
15 118 Sofija
100%
1 36 Niš
83%
5 71 Gnjilane/Gjilan
67%
18 122 Jagodina
67%
8 89 Kosovska Mitrovica/Mitrovica
67%
19 130 Kraljevo
67%
7 83 Kruševac
67%
10 98 Kumanovo
67%
4 54 Pirot
67%
2 40 Prokuplje
67%
3 49 Vranje
67%
13 104 Zaječar
67%
17 120 Bor
50%
12 99 Kjustendil
50%
11 98 Pernik
50%
9 96 Uroševac/Ferizaj
50%
20 132 Vraca
17%
14 113 Montana
0%
No matching quizzes found
Score Distribution
Percent of People with Each Score
Percentile by Number Answered
Your Score History
You have not taken this quiz